000 00444nam a2200169Ia 4500
008 240729s9999 xx 000 0 und d
022 _a1839-9940
245 0 _aJournal of Genomics
260 _aAustralia
260 _bIvyspring International Publisher
650 _a Biology (General)
650 _a Genetics
650 _aScience
856 _uhttps://doaj.org/toc/b37b5a52826242d1a27fadc79320ea28
942 _2ddc
942 _cDOAJEJ
999 _c71305
_d71305
945 _a1
_bMadushi Gamage
_c1
_dMadushi Gamage